LIBRARY & INFORMATION CENTRE, KCAET, TAVANUR

ONLINE PUBLIC ACCESS CATALOGUE (OPAC)

Effect of combined treatments of ultrasound and ultraviolet radiation for preservation of pineapple juice (Record no. 17403)

MARC details
000 -LEADER
fixed length control field 00450nam a22001457a 4500
003 - CONTROL NUMBER IDENTIFIER
control field OSt
082 ## - DEWEY DECIMAL CLASSIFICATION NUMBER
Classification number 631.56
Item number ANJ/EF
088 ## - REPORT NUMBER
Report number T 502
100 ## - MAIN ENTRY--AUTHOR NAME
Personal name Anjaly M G
245 ## - TITLE STATEMENT
Title Effect of combined treatments of ultrasound and ultraviolet radiation for preservation of pineapple juice
260 ## - PUBLICATION, DISTRIBUTION, ETC. (IMPRINT)
Place of publication KCAET , Tavanur
Name of publisher Department of processing and agricultural engineering
Year of publication 2021
300 ## - PHYSICAL DESCRIPTION
Number of Pages 102 p
700 ## - ADDED ENTRY--PERSONAL NAME
Personal name Prince M V (guide)
942 ## - ADDED ENTRY ELEMENTS (KOHA)
Koha item type Theses
Holdings
Collection code Home library Current library Shelving location Full call number Accession Number Koha item type Public note
Reference KAUAET KAUAET Reference 631.56 ANJ/EF T 502 Theses M.Tech Thesis
free website counter